00453 2200181 4500001002100000005001500021008004100036020002200077035001900099041000700118082001000125090001600135100001600151245003100167260003200198300002500230650001600255INLIS00000000000156620241224112356241224||||||||| | ||| |||| || |  a978-979-518-909-1 0010-1224001566 aid0 a400.2 a400.2 ABD s0 aAbdul Chaer00aSintaksis bahasa indonesia aJakartabRineka Ciptac2009 axv, 256 hm.; 23,5 cm 0aIlmu Bahasa